000 01053nam a2200217Ia 4500
999 _c56142
_d56142
001 23243
003 GE_BSU
005 20251112145547.0
008 181216s1970||||ge |||||||||||||| ||geo||
040 _cGE_BSU
041 _ageo
080 _a94(100)"15/18 კ-57
100 _aკიღურაძე, გივი
_926203
245 _aახალი ისტორია. ნაწ. 1 :
_b[ზოგადი საკითხები. ახალი ისტორიის კვლევის სოციალისტური და ბურჟუაზიული მეთოდოლოგია] /
_cგივი კიღურაძე ; რედ. გ. ჟორდანია.
264 _aთბილისი :
_bთბილ. უნ-ტის გამ-ბა,
_c1970.
300 _a478 გვ. ;
_b6ფ. პორტრ.
541 _h3ლ. 06თ.
653 _aახალი ისტორია. ნაწ. 1
700 _aჟორდანია, გ.
_eრედაქტორი
_94668
942 _cBK
_2udc